UK shopping centre investment market (Record no. 118892)

MARC details
000 -LEADER
fixed length control field 00931cas a22002295a 4500
001 - CONTROL NUMBER
control field L137231
008 - FIXED-LENGTH DATA ELEMENTS--GENERAL INFORMATION
fixed length control field 070323c2006 xxkqr ws ss 0 a0eng u
035 ## - SYSTEM CONTROL NUMBER
System control number (Sirsi) u137231
041 0# - LANGUAGE CODE
Language code of text/sound track or separate title eng
110 2# - MAIN ENTRY--CORPORATE NAME
Corporate name or jurisdiction name as entry element CB Richard Ellis
9 (RLIN) 3675
245 00 - TITLE STATEMENT
Title UK shopping centre investment market
Medium [electronic resource]
260 ## - PUBLICATION, DISTRIBUTION, ETC.
Place of publication, distribution, etc. London
Name of publisher, distributor, etc. CBRE
Date of publication, distribution, etc. 2006-
362 0# - DATES OF PUBLICATION AND/OR SEQUENTIAL DESIGNATION
Dates of publication and/or sequential designation 2006-
490 #0 - SERIES STATEMENT
Series statement UK Shopping Centre Investment Market
510 2# - CITATION/REFERENCES NOTE
Name of source Knowledge Alert
Location within source 2006-
520 ## - SUMMARY, ETC.
Summary, etc. Provides an overview of the United Kingdom?s economic activity and discusses how this activity relates to the retail sector. Graphs depict retail activity by number and value of transactions.
554 ## -
-- Quarterly
651 #4 - SUBJECT ADDED ENTRY--GEOGRAPHIC NAME
Geographic name United Kingdom
Chronological subdivision
690 ## - LOCAL SUBJECT ADDED ENTRY--TOPICAL TERM (OCLC, RLIN)
Topical term or geographic name as entry element PROPERTY-COMMERCIAL PROPERTY-COMMERCIAL PROPERTY MARKET
856 40 - ELECTRONIC LOCATION AND ACCESS
Uniform Resource Identifier <a href="https://portal.cbre.eu/propertyinfomap/uk/index.html">https://portal.cbre.eu/propertyinfomap/uk/index.html</a>
Public note View the item free of charge at http://portal.cbre.eu...
942 ## - ADDED ENTRY ELEMENTS (KOHA)
Suppress in OPAC 0
Holdings
Withdrawn status Lost status Source of classification or shelving scheme Damaged status Not for loan Home library Current library Shelving location Date acquired Total Checkouts Full call number Barcode Date last seen Copy number Price effective from Koha item type
    Dewey Decimal Classification     Virtual Virtual Online 23/03/2007   ONLINE PUBLICATION 137231-1001 06/08/2019 1 06/08/2019 Book